| 000 | 01347nam a22003855a 4500 | ||
|---|---|---|---|
| 003 | EG-ScBUE | ||
| 005 | 20220906095022.0 | ||
| 006 | m||||fq||h 00| 0 | ||
| 008 | 110630t2007 nyua f 001 0 eng d | ||
| 020 | _a1418049085 (pbk.) | ||
| 020 | _a9781418049089 (pbk.) | ||
| 035 | _a(OCoLC)ocm71810035 | ||
| 035 | _a(OCoLC)71810035 | ||
| 040 |
_aEG-ScBUE _beng _erda _cEG-ScBUE _dEG-ScBUE |
||
| 082 | 0 | 4 |
_a720.2840285536 _bAUB _222 |
| 100 | 1 |
_aAubin, Paul F., _eauthor. _925993 |
|
| 245 | 1 | 0 |
_aMastering Autodesk architectural desktop 2007 / _cPaul F. Aubin. |
| 264 | 1 |
_aClifton Park, NY : _bThomson Delmar Learning, _c[2007] |
|
| 264 | 4 | _cc2007 | |
| 300 |
_axxxviii, 1159 pages : _billustrations ; _c24 cm + _e1 CD |
||
| 336 |
_2rdacontent _atext _btxt |
||
| 336 |
_2rdacontent _asounds _bsnd |
||
| 337 |
_2rdamedia _aunmediated _bn |
||
| 337 |
_2rdamedia _aaudio _bs |
||
| 338 |
_2rdacarrier _avolume _bnc |
||
| 338 |
_2rdacarrier _acomputer disc _bcd |
||
| 500 | _aIncludes index. | ||
| 590 | _ayassmeen ashraf | ||
| 650 | 7 |
_aArchitectural drawing _xComputer-aided design. _925994 _2BUEsh |
|
| 651 | _2BUEsh | ||
| 653 |
_bENGARC _bCOMSCI _cAugust2015 |
||
| 655 |
_vReading book _934232 |
||
| 856 | 4 | 1 |
_3Table of contents only _uhttp://www.loc.gov/catdir/toc/ecip071/2006031725.html |
| 942 |
_cBB _k720.2840285536 AUB _2ddc |
||
| 999 |
_c2799 _d2799 |
||